Elekttonické mýto môže vytlačiť kamióny z ciest do obcí

Podrobná bibliografia
Hlavný autor: Zverková, Daniela (Autor)
Médium: Článok
Jazyk:slovenčina
ISSN:1335-4701
Predmet:

MARC

LEADER 00000nab a2200000 a 4500
001 vtls008848177
003 SK-MaSNL
005 20260426072253.0
008 140301c20060608xo dr|p|||||||000 b|slo
015 |a SNBRB2006/09  |2 snkbucl 
038 |a SNKBUCL 
040 |a SNKBUCL  |b slo  |c SNKBUCL  |e AACR2 
041 0 |a slo 
044 |a xo  |c SK 
080 |a 336.232:625.711.3  |x (437.6)  |2 1997 
080 |a 625.711.3  |x (437.6)  |2 1997 
100 1 |a Zverková, Daniela  |4 aut  |9 552735 
245 1 0 |a Elekttonické mýto môže vytlačiť kamióny z ciest do obcí  |c Daniela Zverková 
650 0 7 |a diaľnice  |2 snkbucl  |9 14603 
650 0 7 |a elektronické mýto  |2 snkbucl  |9 325729 
651 7 |a Slovensko  |2 snkbucl  |9 14231 
773 0 |t Hospodárske noviny  |g Roč. XIV., č. 109 (8.6.2006), s. 4  |x 1335-4701 
852 |a SNK  |b KIS3GCP 
958 |a SK 
999 |c 2686913  |d 2688843